• 首页
  • 本馆介绍
  • 公告通知
  • 最新文献
  • 馆藏检索
  • 电子资源
  • 读者导购
  • 参考咨询
  • 我的图书馆
  • 登录
  • 详细信息显示
  • 放入我的书架
  • 预约/预借图书
  • 作者相关作品
  • 分类相关作品
  • 丛书相关作品
  • 出版社相关作品

书目信息

  • 表格格式
  • 工作单格式
  • 卡片格式
题名:
人体的保护神
    
 
作者: 戌诚兴 马秉衡
分册:  
出版信息: 长沙   湖南教育出版社  1999
页数: 161
开本: 20cm
丛书名:
单 册:
中图分类: Q46
科图分类:
主题词: 循环生理学
电子资源:
ISBN: 7-5355-2618-7
000 00588nam0 2200193 450
001 0741144344
005 20070817112544.34
010    @a7-5355-2618-7@d¥9.40
100    @a20070817d km y0chiy0120 ea
101 0  @achi
200 1  @a人体的保护神@Aren ti de bao hu shen@e血液与淋巴@f戌诚兴 马秉衡@Fxu cheng xing ma bing heng
210    @a长沙@c湖南教育出版社@d1999
215    @a161@d20cm
517 1  @a血液与淋巴@Axue ye yu lin ba
606 0  @a循环生理学
690    @aQ46@v3
701  0 @a戌诚兴 马秉衡@Axu cheng xing ma bing heng
801  0 @aCN@bPFT@c20070817
905    @a213230@dQ46@en1@f1
    
    人体的保护神:血液与淋巴/戌诚兴 马秉衡.-长沙:湖南教育出版社,1999
    161;20cm
    
    
    ISBN 7-5355-2618-7:¥9.40
    
●
相关链接 在E读中查询图书 在五车中查询图书 在当当中查询图书 在豆瓣中查询图书


正题名:人体的保护神     索取号:Q46/n1         预约/预借

序号 登录号 条形码 馆藏地/架位号 状态 备注
1 6600160   266001603   密集书库-生命科学系/ [索取号:Q46/n1] 在馆    
唐山师范学院图书馆 欢迎您!
大连网信软件有限公司© 版权所有